000 00297nam a22001337a 4500
008 170724b xxu||||| |||| 00| 0 eng d
020 _a9780471241003
041 _aeng
080 _a004
100 _a29
101 _aSHKI
245 _aSYSTEMS ANALYSIS AND DESIGN
_cDENNIS, A
942 _2udc
_cBK
999 _c21809
_d21809